Internetes kereskedelem, a vásárlói elégedettség megszerzésének kihívásai

Bibliográfiai részletek
Szerző: Kántás Máté Ádám
További közreműködők: Kozár Dr. habil László
Dokumentumtípus: Záródolgozat
Kulcsszavak:E-kereskedelem
Szolgáltatás, webshop
Raktározás
Felmérés, kérdőíves
Online Access:http://dolgozattar.uni-bge.hu/59285

MARC

LEADER 00000nta a2200000 i 4500
001 dolg59285
005 20251106113334.0
008 251106suuuu hu o 000 hun d
040 |a BGE Dolgozattár Repozitórium  |b hun 
041 |a hu 
100 1 |a Kántás Máté Ádám 
245 1 0 |a Internetes kereskedelem, a vásárlói elégedettség megszerzésének kihívásai  |c Kántás Máté Ádám  |h [elektronikus dokumentum] 
516 |a Final_paper 
695 |a E-kereskedelem 
695 |a Szolgáltatás, webshop 
695 |a Raktározás 
695 |a Felmérés, kérdőíves 
700 1 |a Kozár Dr. habil László  |e ths 
856 4 0 |u http://dolgozattar.uni-bge.hu/59285/1/Kantas-Mate-Adam.pdf  |z Dokumentum-elérés